00194nam a22000857a 4500082001600000100001600016245005600032260001000088300001000098 a540.76bJON aJones, A.L. aWorked examples and exercise in advanced chemistry/ c1982. a371p: